[Event "2. Bundesliga Ost 2015/2016"]
[Site "Wien"]
[Date "2015.11.29"]
[Round "4"]
[Board "2"]
[White "Pingitzer, Harald"]
[Black "Matt, Fabian"]
[Result "1/2-1/2"]
[WhiteElo "2304"]
[BlackElo "2276"]
[PlyCount "32"]
[EventDate "2015.10.17"]
[EventType "team"]
[EventRounds "11"]
[EventCountry "AUT"]
[WhiteTeam "SC Donaustadt"]
[BlackTeam "tschaturanga"]

1. d4 Nf6 2. Nf3 g6 3. g3 Bg7 4. Bg2 O-O 5. O-O d6 6. b3 e5 7. dxe5 Nfd7 8. Bb2
Nxe5 9. Nxe5 dxe5 10. c4 c6 11. Nc3 Qe7 12. Qc2 Bf5 13. Be4 Bh3 14. Bg2 Bf5 15.
Be4 Bh3 16. Bg2 Bf5 1/2-1/2

[Event "2. Bundesliga Ost 2015/2016"]
[Site "Wien"]
[Date "2015.11.29"]
[Round "4"]
[Board "3"]
[White "Srienz, Christian"]
[Black "Petroczi, Thomas"]
[Result "1-0"]
[WhiteElo "2219"]
[BlackElo "2192"]
[PlyCount "37"]
[EventDate "2015.10.17"]
[EventType "team"]
[EventRounds "11"]
[EventCountry "AUT"]
[WhiteTeam "tschaturanga"]
[BlackTeam "SC Donaustadt"]

1. Nf3 g6 2. e4 Bg7 3. d4 d6 4. Nc3 Nf6 5. Be2 O-O 6. O-O c6 7. Re1 Nbd7 8. Bf4
Qc7 9. e5 Nh5 10. Bg5 dxe5 11. Bxe7 Re8 12. d5 cxd5 13. Nxd5 Qc6 14. Ng5 Ndf6
15. Bf3 Bg4 16. Nxf6+ Bxf6 17. Bxc6 Bxd1 18. Bxe8 Bxe7 19. Bxf7+ 1-0

[Event "2. Bundesliga Ost 2015/2016"]
[Site "Wien"]
[Date "2015.11.29"]
[Round "4"]
[Board "4"]
[White "Schwab, Rene"]
[Black "Sadilek, Maximilian"]
[Result "0-1"]
[WhiteElo "2214"]
[BlackElo "2227"]
[PlyCount "46"]
[EventDate "2015.10.17"]
[EventType "team"]
[EventRounds "11"]
[EventCountry "AUT"]
[WhiteTeam "SC Donaustadt"]
[BlackTeam "tschaturanga"]

1. e4 Nc6 2. Nf3 e5 3. Bb5 Nge7 4. Nc3 Ng6 5. a3 Bc5 6. b4 Bd4 7. Bb2 O-O 8. d3
a5 9. Bxc6 dxc6 10. Nxd4 Qxd4 11. O-O axb4 12. axb4 Rxa1 13. Qxa1 Qd8 14. Ne2
Qg5 15. Bc1 Qh4 16. Ng3 Re8 17. Be3 Nf4 18. Qb2 h5 19. Ra1 Nxg2 20. Ra8 Qh3 21.
Qa1 Nh4 22. Qf1 Nf3+ 23. Kh1 Qxh2# 0-1

[Event "2. Bundesliga Ost 2015/2016"]
[Site "Wien"]
[Date "2015.11.29"]
[Round "4"]
[Board "5"]
[White "Leitner, Gerald"]
[Black "Schwab, Lukas"]
[Result "0-1"]
[WhiteElo "2216"]
[BlackElo "2155"]
[PlyCount "46"]
[EventDate "2015.10.17"]
[EventType "team"]
[EventRounds "11"]
[EventCountry "AUT"]
[WhiteTeam "tschaturanga"]
[BlackTeam "SC Donaustadt"]

1. d4 d5 2. c4 e6 3. Nc3 Be7 4. Nf3 Nf6 5. Bf4 O-O 6. e3 b6 7. cxd5 Nxd5 8.
Nxd5 Qxd5 9. Bxc7 Bb4+ 10. Nd2 Ba6 11. f3 Bxf1 12. Rxf1 Rc8 13. Bg3 Nc6 14. Rf2
e5 15. a3 exd4 16. exd4 Nxd4 17. Kf1 Nc2 18. Kg1 Nxa1 19. axb4 Nb3 20. Qxb3
Rc1+ 21. Rf1 Qxd2 22. h4 Rac8 23. Rxc1 Rxc1+ 0-1

[Event "2. Bundesliga Ost 2015/2016"]
[Site "Wien"]
[Date "2015.11.29"]
[Round "4"]
[Board "6"]
[White "Karlusch, Albrecht"]
[Black "Morgunov, Marc"]
[Result "1/2-1/2"]
[WhiteElo "2119"]
[BlackElo "1886"]
[PlyCount "100"]
[EventDate "2015.10.17"]
[EventType "team"]
[EventRounds "11"]
[EventCountry "AUT"]
[WhiteTeam "SC Donaustadt"]
[BlackTeam "tschaturanga"]

1. e4 c5 2. Nc3 e6 3. g3 a6 4. Bg2 Nc6 5. f4 g6 6. Nf3 Bg7 7. O-O Nge7 8. e5 d5
9. b3 b5 10. d4 Nf5 11. Ne2 Qb6 12. c3 h5 13. Qd3 Bd7 14. Be3 c4 15. Qd2 a5 16.
bxc4 dxc4 17. Bf2 Qa6 18. Ng5 O-O 19. Ne4 Rab8 20. Nc5 Qc8 21. a3 Rd8 22. Rfb1
Bf8 23. Nxd7 Rxd7 24. Qa2 Rc7 25. d5 exd5 26. Bxd5 b4 27. axb4 axb4 28. Qxc4
Ncd4 29. Qd3 Nxe2+ 30. Qxe2 bxc3 31. Rxb8 Qxb8 32. e6 c2 33. exf7+ Kh7 34. Rc1
Qb2 35. Be3 Nxe3 36. Qxe3 Bc5 37. f8=Q Bxe3+ 38. Kg2 Qg7 39. Qd8 Rd7 40. Bg8+
Kh8 41. Qc8 Qxg8 42. Qxd7 Bxc1 43. Qc6 Qd8 44. Qxg6 Bxf4 45. Qxc2 Qd5+ 46. Kh3
Qe6+ 47. Kg2 Be5 48. Qe2 Qf5 49. Qf3 Qg6 50. Qe2 Bd6 1/2-1/2

[Event "2. Bundesliga Ost 2015/2016"]
[Site "Wien"]
[Date "2015.11.29"]
[Round "4"]
[Board "1"]
[White "Biolek, Richard Jr."]
[Black "Chytilek, Roman"]
[Result "1/2-1/2"]
[WhiteElo "2445"]
[BlackElo "2345"]
[PlyCount "78"]
[EventDate "2015.10.17"]
[EventType "team"]
[EventRounds "11"]
[EventCountry "AUT"]
[WhiteTeam "SK Purbach"]
[BlackTeam "SV Stockerau"]

1. d4 c5 2. d5 g6 3. g3 f5 4. Bg2 Nf6 5. c4 Bg7 6. Nc3 d6 7. Nh3 Na6 8. O-O Nc7
9. Nf4 O-O 10. Qc2 Qe8 11. a4 Bd7 12. b3 Rb8 13. Bb2 g5 14. Nd3 Qh5 15. e3 a6
16. a5 b5 17. axb6 Rxb6 18. Na4 Rbb8 19. Nc3 Qh6 20. Ra3 Kh8 21. Qd2 Ng4 22. h3
Nf6 23. f4 Qg6 24. Kh2 Rg8 25. Nf2 h5 26. Ne2 Kh7 27. Rg1 Bh6 28. Nh1 Rg7 29.
fxg5 Bxg5 30. Bxf6 Qxf6 31. Nf4 Bxf4 32. exf4 h4 33. Bf3 Rbg8 34. Qf2 hxg3+ 35.
Rxg3 Rxg3 36. Nxg3 Qh4 37. Bg2 Ne8 38. Ne4 Qxf2 39. Nxf2 Nc7 1/2-1/2

[Event "2. Bundesliga Ost 2015/2016"]
[Site "Wien"]
[Date "2015.11.29"]
[Round "4"]
[Board "2"]
[White "Groetz, Harald"]
[Black "Stohl, Igor"]
[Result "1-0"]
[WhiteElo "2282"]
[BlackElo "2485"]
[PlyCount "61"]
[EventDate "2015.10.17"]
[EventType "team"]
[EventRounds "11"]
[EventCountry "AUT"]
[WhiteTeam "SV Stockerau"]
[BlackTeam "SK Purbach"]

1. e4 c5 2. Nf3 d6 3. c3 Nf6 4. Bd3 Bg4 5. h3 Bh5 6. Bc2 Nc6 7. O-O d5 8. d3 e6
9. Nbd2 Be7 10. Qe1 Qc7 11. Kh1 O-O 12. Ng1 Bd6 13. g3 Nd7 14. f4 f6 15. Ngf3
Bf7 16. Rg1 b5 17. Nh4 Rfe8 18. Ndf3 e5 19. f5 c4 20. g4 cxd3 21. Bxd3 Nc5 22.
Bc2 h6 23. Ng6 dxe4 24. Bxe4 Rad8 25. g5 hxg5 26. Bxg5 Bxg6 27. Bxf6 Bh5 28.
Bd5+ Kf8 29. Bxg7+ Qxg7 30. Rxg7 Kxg7 31. Qg3+ 1-0

[Event "2. Bundesliga Ost 2015/2016"]
[Site "Wien"]
[Date "2015.11.29"]
[Round "4"]
[Board "3"]
[White "Kummer, Helmut"]
[Black "Stanivukovic, Drago"]
[Result "1-0"]
[WhiteElo "2295"]
[BlackElo "1928"]
[PlyCount "71"]
[EventDate "2015.10.17"]
[EventType "team"]
[EventRounds "11"]
[EventCountry "AUT"]
[WhiteTeam "SK Purbach"]
[BlackTeam "SV Stockerau"]

1. d4 d6 2. c4 g6 3. Nc3 Bg7 4. e4 Nc6 5. d5 Nd4 6. Nge2 c5 7. Nxd4 Bxd4 8. Bd3
e5 9. O-O h5 10. Nb5 Ne7 11. Nxd4 cxd4 12. f4 Bg4 13. Qa4+ Qd7 14. Qxd7+ Bxd7
15. fxe5 dxe5 16. Bg5 Ng8 17. h4 Kf8 18. b4 Kg7 19. c5 f6 20. Bd2 Rc8 21. Rac1
a6 22. c6 bxc6 23. Bxa6 Ra8 24. Bb7 Rxa2 25. Rf2 Ra7 26. dxc6 Be6 27. b5 Ne7
28. Bb4 Nc8 29. Bc5 Ra5 30. Rb2 d3 31. b6 Rd8 32. Bxc8 Bxc8 33. b7 Bg4 34. Bb6
Rb5 35. Rxb5 d2 36. Ra1 1-0

[Event "2. Bundesliga Ost 2015/2016"]
[Site "Wien"]
[Date "2015.11.29"]
[Round "4"]
[Board "4"]
[White "Schmid, Thomas"]
[Black "Wiedermann, Daniel"]
[Result "0-1"]
[WhiteElo "2123"]
[BlackElo "2135"]
[PlyCount "76"]
[EventDate "2015.10.17"]
[EventType "team"]
[EventRounds "11"]
[EventCountry "AUT"]
[WhiteTeam "SV Stockerau"]
[BlackTeam "SK Purbach"]

1. e4 c6 2. Nc3 d5 3. Nf3 Bg4 4. h3 Bxf3 5. Qxf3 e6 6. d4 dxe4 7. Qe3 Nf6 8.
Nxe4 Nxe4 9. Qxe4 Qb6 10. Be2 Nd7 11. O-O Nf6 12. Qd3 Rd8 13. c3 Be7 14. Qg3
O-O 15. Bh6 Ne8 16. Rab1 Bd6 17. Bf4 Bxf4 18. Qxf4 Nf6 19. Rfe1 Rd5 20. Bf3 Rf5
21. Qe3 Nd5 22. Qe2 Nf4 23. Qe4 Qc7 24. h4 Nh5 25. Qe2 Nf4 26. Qe4 Nh5 27. Qe2
Nf4 28. Qe4 Qd8 29. Bg4 Rf6 30. g3 Nd5 31. Be2 Rg6 32. Bh5 Nf6 33. Qe2 Nxh5 34.
Qxh5 f5 35. Kg2 f4 36. Re5 fxg3 37. fxg3 Qf6 38. Re2 Qf4 0-1

[Event "2. Bundesliga Ost 2015/2016"]
[Site "Wien"]
[Date "2015.11.29"]
[Round "4"]
[Board "5"]
[White "Zimmermann, Heinz"]
[Black "Gajic, Zoran"]
[Result "1-0"]
[WhiteElo "2179"]
[BlackElo "2063"]
[PlyCount "109"]
[EventDate "2015.10.17"]
[EventType "team"]
[EventRounds "11"]
[EventCountry "AUT"]
[WhiteTeam "SK Purbach"]
[BlackTeam "SV Stockerau"]

1. c4 Nf6 2. Nc3 c5 3. g3 Nc6 4. Bg2 g6 5. Nf3 Bg7 6. O-O O-O 7. a3 d6 8. d3 h6
9. Rb1 a5 10. h3 Ne8 11. e3 e5 12. Ne1 Kh7 13. Nc2 f5 14. b4 axb4 15. axb4 e4
16. Nd5 exd3 17. Qxd3 Ne5 18. Qb3 Bd7 19. b5 b6 20. f4 Nf7 21. Nxb6 Rb8 22. Nd5
Be6 23. Bb2 Bxd5 24. Bxd5 Nf6 25. Rfd1 Qe7 26. Qd3 Ne4 27. Bxg7 Kxg7 28. Bxe4
Qxe4 29. Qxe4 fxe4 30. Ra1 Kf6 31. Ra6 Ke6 32. Rda1 Rb7 33. Na3 h5 34. Nb1 g5
35. Nc3 gxf4 36. Nxe4 Ke5 37. Nc3 fxg3 38. Rd1 h4 39. Rd5+ Ke6 40. Ne4 Re7 41.
Nxd6 Nxd6 42. Raxd6+ Kf7 43. Rf5+ Ke8 44. Rxf8+ Kxf8 45. Rh6 Rxe3 46. Rxh4 Re2
47. Rg4 Rc2 48. h4 Kf7 49. h5 Kf6 50. b6 Rh2 51. Rg8 Rb2 52. h6 Rb1+ 53. Kg2
Rb2+ 54. Kxg3 Rb3+ 55. Kf4 1-0

[Event "2. Bundesliga Ost 2015/2016"]
[Site "Wien"]
[Date "2015.11.29"]
[Round "4"]
[Board "6"]
[White "Enkhjargal, Budjav"]
[Black "Rainprecht, Bernhard"]
[Result "0-1"]
[WhiteElo "1981"]
[BlackElo "2104"]
[PlyCount "126"]
[EventDate "2015.10.17"]
[EventType "team"]
[EventRounds "11"]
[EventCountry "AUT"]
[WhiteTeam "SV Stockerau"]
[BlackTeam "SK Purbach"]

1. d4 Nf6 2. c4 e6 3. Nc3 Bb4 4. a3 Bxc3+ 5. bxc3 c5 6. Qc2 d6 7. Nf3 Nc6 8. e4
e5 9. Bd3 Bg4 10. d5 Ne7 11. Nh4 Ng6 12. Bg5 h6 13. Nxg6 fxg6 14. Be3 O-O 15.
O-O g5 16. f3 Bd7 17. g3 Qe8 18. Rae1 Qg6 19. Kh1 Nh5 20. Rf2 Rf7 21. f4 gxf4
22. gxf4 exf4 23. e5 Bf5 24. Bxf5 Qxf5 25. Qxf5 Rxf5 26. exd6 Re5 27. Bd2 Rxe1+
28. Bxe1 Rd8 29. Bd2 g5 30. Kg2 Rxd6 31. Kf3 Nf6 32. h4 Kf7 33. hxg5 hxg5 34.
Rg2 Nh7 35. Ke4 Ra6 36. Ke5 Rg6 37. d6 Nf6 38. Kf5 Nd7 39. Re2 Rxd6 40. Kxg5 f3
41. Rf2 Ne5 42. Bf4 Rg6+ 43. Kf5 Nxc4 44. Rxf3 Rf6+ 45. Ke4 Ke6 46. Rd3 Nxa3
47. Rd6+ Ke7 48. Rxf6 Kxf6 49. Kd5 Ke7 50. Bd6+ Kd7 51. Bxc5 Nb5 52. Kc4 Kc6
53. Kb4 a5+ 54. Kc4 Nxc3 55. Bf2 Nd5 56. Be1 b5+ 57. Kb3 a4+ 58. Ka3 Kc5 59.
Bf2+ Kc4 60. Be1 Nc3 61. Bh4 b4+ 62. Kb2 a3+ 63. Ka1 b3 0-1

[Event "2. Bundesliga Ost 2015/2016"]
[Site "Wien"]
[Date "2015.11.29"]
[Round "4"]
[Board "1"]
[White "Videki, Sandor"]
[Black "Petran, Peter"]
[Result "1-0"]
[WhiteElo "2400"]
[BlackElo "2360"]
[PlyCount "75"]
[EventDate "2015.10.17"]
[EventType "team"]
[EventRounds "11"]
[EventCountry "AUT"]
[WhiteTeam "SC Data Technology Pressbaum/E."]
[BlackTeam "ASVOE Mattersburg"]

1. d4 c5 2. d5 Nf6 3. Nc3 d6 4. e4 g6 5. Nf3 Bg7 6. Bb5+ Bd7 7. a4 O-O 8. h3 e5
9. O-O Bc8 10. Re1 a6 11. Bf1 b6 12. Nd2 Nbd7 13. Nc4 Ne8 14. Rb1 Rb8 15. b4
cxb4 16. Rxb4 Qc7 17. Be3 Nc5 18. Qb1 Nf6 19. Bxc5 Qxc5 20. Rxb6 Rxb6 21. Qxb6
Qd4 22. Na2 Bd7 23. Qxd4 exd4 24. a5 Rc8 25. Nb4 Bf8 26. Bd3 Bb5 27. Nb6 Rc5
28. Ra1 Be7 29. Nxa6 Bxa6 30. Bxa6 Bd8 31. Bd3 Ne8 32. Nc4 Rc8 33. a6 Ra8 34.
Na5 Bb6 35. Nc6 Bc5 36. Rb1 Nc7 37. a7 Bxa7 38. Rb7 1-0

[Event "2. Bundesliga Ost 2015/2016"]
[Site "Wien"]
[Date "2015.11.29"]
[Round "4"]
[Board "2"]
[White "Brod, Manfred"]
[Black "Rumpl, Erwin"]
[Result "1/2-1/2"]
[WhiteElo "2259"]
[BlackElo "2334"]
[PlyCount "129"]
[EventDate "2015.10.17"]
[EventType "team"]
[EventRounds "11"]
[EventCountry "AUT"]
[WhiteTeam "ASVOE Mattersburg"]
[BlackTeam "SC Data Technology Pressbaum/E."]

1. e4 c5 2. Nf3 b6 3. d4 cxd4 4. Nxd4 Bb7 5. Nc3 a6 6. Bd3 g6 7. Be3 Bg7 8. Qd2
d6 9. f3 Nd7 10. g4 Ne5 11. O-O-O Rc8 12. h4 h5 13. gxh5 Rxh5 14. Nce2 Nf6 15.
Ng3 Nxd3+ 16. Qxd3 Rhc5 17. h5 Nxh5 18. Nxh5 Bxd4 19. Qxd4 Rxc2+ 20. Kb1 gxh5
21. Rxh5 Qc7 22. Rh8+ Kd7 23. Rxc8 Bxc8 24. e5 Rc4 25. Qd3 b5 26. Qh7 Bb7 27.
Qxf7 Kc8 28. Bg5 Bc6 29. e6 Kb7 30. Bxe7 Bd5 31. Qf6 Qc6 32. Rf1 Bxf3 33. Qg5
Qe4+ 34. Ka1 Qxe6 35. Bd8 Qe5 36. Qxe5 dxe5 37. b3 Rf4 38. Bg5 Rf5 39. Be3 e4
40. Kb2 Rd5 41. Rc1 Be2 42. Rc5 Rd3 43. Rc3 Rd7 44. a3 Bd3 45. Rc1 Rf7 46. Kc3
a5 47. Kd4 Rd7+ 48. Ke5 Rh7 49. Rg1 Bc2 50. b4 a4 51. Rg6 Bd3 52. Rb6+ Kc7 53.
Rh6 Rxh6 54. Bxh6 Kd7 55. Be3 Ke7 56. Bd4 Kf7 57. Be3 Kg6 58. Kd4 Kf5 59. Kc3
Kg4 60. Kd2 Kf3 61. Bc5 Bc4 62. Bb6 Bd3 63. Bc5 Bc4 64. Bb6 Bd3 65. Bc5 1/2-1/2

[Event "2. Bundesliga Ost 2015/2016"]
[Site "Wien"]
[Date "2015.11.29"]
[Round "4"]
[Board "3"]
[White "Neumeier, Klaus"]
[Black "Wiedner, Robert"]
[Result "1-0"]
[WhiteElo "2284"]
[BlackElo "2197"]
[PlyCount "61"]
[EventDate "2015.10.17"]
[EventType "team"]
[EventRounds "11"]
[EventCountry "AUT"]
[WhiteTeam "SC Data Technology Pressbaum/E."]
[BlackTeam "ASVOE Mattersburg"]

1. Nf3 Nf6 2. c4 e6 3. g3 Be7 4. Bg2 d5 5. O-O O-O 6. b3 c5 7. Bb2 b6 8. e3 Bb7
9. Nc3 Nc6 10. cxd5 Nxd5 11. Nxd5 Qxd5 12. d4 Qf5 13. Ne5 Nxe5 14. Bxb7 Rab8
15. Bg2 Rfd8 16. Qe2 cxd4 17. Bxd4 Qd3 18. Qb2 f6 19. Bxe5 fxe5 20. Qxe5 Qd6
21. Qe4 e5 22. Rac1 Bf6 23. Rc6 Qa3 24. Qf5 Rd6 25. Rfc1 Rbd8 26. Be4 g6 27.
Qg4 Bg7 28. Rc8 Rf8 29. Rxf8+ Bxf8 30. Rc7 Qb4 31. Bd5+ 1-0

[Event "2. Bundesliga Ost 2015/2016"]
[Site "Wien"]
[Date "2015.11.29"]
[Round "4"]
[Board "4"]
[White "Salamon, Werner"]
[Black "Weissenbeck, Manuel"]
[Result "1/2-1/2"]
[WhiteElo "2130"]
[BlackElo "2246"]
[PlyCount "168"]
[EventDate "2015.10.17"]
[EventType "team"]
[EventRounds "11"]
[EventCountry "AUT"]
[WhiteTeam "ASVOE Mattersburg"]
[BlackTeam "SC Data Technology Pressbaum/E."]

1. e4 c5 2. c3 e6 3. d4 d5 4. exd5 exd5 5. Bd3 Bd6 6. Nf3 Ne7 7. O-O Nbc6 8.
dxc5 Bxc5 9. Nbd2 Bg4 10. Nb3 Bb6 11. Re1 Qd7 12. Be3 O-O 13. Bxb6 axb6 14. h3
Bf5 15. Bxf5 Qxf5 16. Nbd4 Qf6 17. Qb3 Na5 18. Qb5 Rfd8 19. Ne5 Nec6 20. Ndf3
Nxe5 21. Nxe5 h6 22. Rad1 Nc6 23. Nf3 Rxa2 24. Qxb6 Qd6 25. Qb3 Raa8 26. Nd4
Na5 27. Qb5 Qa6 28. Re7 Qxb5 29. Nxb5 Kf8 30. Rc7 Nc4 31. b3 Nd6 32. Nxd6 Rxd6
33. Rxb7 Ra2 34. Re1 g5 35. Ree7 Rf6 36. f3 Rc2 37. Rec7 Kg7 38. b4 Re6 39.
Rxf7+ Kg6 40. Rfe7 Rxe7 41. Rxe7 Rxc3 42. Rd7 Rb3 43. Rd6+ Kg7 44. Rxd5 Rxb4
45. Rd6 Rb2 46. Kh2 Rc2 47. h4 Rc4 48. hxg5 hxg5 49. Kg3 Ra4 50. Re6 Ra2 51.
Kh3 Kf7 52. Re4 Rf2 53. Kg3 Ra2 54. Rb4 Kf6 55. Kh3 Kf5 56. g3 Ra5 57. Rb6 Ra8
58. g4+ Ke5 59. Rg6 Kf4 60. Rf6+ Ke3 61. Kg3 Rg8 62. Re6+ Kd4 63. f4 gxf4+ 64.
Kxf4 Kd5 65. Re1 Rf8+ 66. Kg3 Rg8 67. Re2 Kd6 68. Re4 Kd5 69. Rf4 Ke6 70. Rf5
Rg6 71. Kh4 Rg8 72. Rf2 Rh8+ 73. Kg3 Rg8 74. Rf5 Rg6 75. Kh4 Rg8 76. Rf4 Ke5
77. Ra4 Kf6 78. Ra6+ Kg7 79. Kh5 Rh8+ 80. Kg5 Rb8 81. Ra7+ Kg8 82. Kh5 Rb6 83.
g5 Rc6 84. g6 Rc1 1/2-1/2

[Event "2. Bundesliga Ost 2015/2016"]
[Site "Wien"]
[Date "2015.11.29"]
[Round "4"]
[Board "5"]
[White "Hechl, Gerald"]
[Black "Savio, Alfred Jun."]
[Result "1/2-1/2"]
[WhiteElo "2205"]
[BlackElo "2036"]
[PlyCount "110"]
[EventDate "2015.10.17"]
[EventType "team"]
[EventRounds "11"]
[EventCountry "AUT"]
[WhiteTeam "SC Data Technology Pressbaum/E."]
[BlackTeam "ASVOE Mattersburg"]

1. d4 Nf6 2. Bg5 d5 3. Bxf6 exf6 4. e3 c5 5. Ne2 Nc6 6. Nbc3 cxd4 7. Nxd4 Bb4
8. Bb5 Qd6 9. O-O O-O 10. Nce2 Ne5 11. Ng3 Bg4 12. f3 Bd7 13. Ngf5 Bxf5 14.
Nxf5 Qe6 15. Nd4 Qb6 16. c3 Bc5 17. Qb3 a6 18. Be2 Qxb3 19. axb3 Rfe8 20. Kf2
g6 21. f4 Nc6 22. Bf3 Bxd4 23. exd4 Rad8 24. Rfe1 Kf8 25. b4 Re7 26. Rxe7 Kxe7
27. Re1+ Kd6 28. g4 g5 29. f5 Ne7 30. h4 h5 31. gxh5 Nxf5 32. hxg5 fxg5 33. Re5
Ne7 34. Rxg5 Rh8 35. Bg4 Rh6 36. Ke3 b6 37. Be2 a5 38. bxa5 bxa5 39. Rg1 Rf6
40. Bd3 Rh6 41. Rh1 Ke6 42. Kf4 Kf6 43. Kg4 Rh8 44. Rf1+ Ke6 45. Ra1 f5+ 46.
Kh4 Rb8 47. Re1+ Kf6 48. Re2 Rg8 49. Rf2 Rg4+ 50. Kh3 Kg5 51. Be2 Rh4+ 52. Kg2
f4 53. Kg1 Nf5 54. Rg2+ Ng3 55. Bb5 Kxh5 1/2-1/2

[Event "2. Bundesliga Ost 2015/2016"]
[Site "Wien"]
[Date "2015.11.29"]
[Round "4"]
[Board "6"]
[White "Braun, Karl-Heinz"]
[Black "Lucaci, Marius"]
[Result "0-1"]
[WhiteElo "2002"]
[BlackElo "2146"]
[PlyCount "92"]
[EventDate "2015.10.17"]
[EventType "team"]
[EventRounds "11"]
[EventCountry "AUT"]
[WhiteTeam "ASVOE Mattersburg"]
[BlackTeam "SC Data Technology Pressbaum/E."]

1. e4 e6 2. d4 d5 3. Nc3 Nf6 4. Bg5 Be7 5. e5 Nfd7 6. Bxe7 Qxe7 7. Nb5 Nb6 8.
c3 a6 9. Na3 c5 10. dxc5 Qxc5 11. Bd3 Nc6 12. Nf3 Nd7 13. Qe2 f6 14. exf6 Nxf6
15. O-O O-O 16. Ne5 Nxe5 17. Qxe5 Bd7 18. Nc2 Rae8 19. h3 Bb5 20. Bxb5 Qxb5 21.
Rab1 Ne4 22. Nd4 Qc4 23. b3 Qxc3 24. Rbc1 Qd2 25. Rc7 Rf7 26. Rxf7 Kxf7 27.
Qh5+ Ke7 28. Nf3 Qh6 29. Qe5 Rc8 30. Qb2 Qf6 31. Qa3+ Kf7 32. Qa4 Qe7 33. Qd4
Kg8 34. Qb6 h6 35. Nd4 e5 36. Nf5 Qd7 37. Qg6 Kh8 38. Rd1 Nc3 39. Re1 Rc6 40.
Qh5 Ne4 41. g4 Ng5 42. Nh4 Nxh3+ 43. Kh2 Nf4 44. Qxe5 Qxg4 45. Qe7 Kh7 46. Rg1
Qh3# 0-1

[Event "2. Bundesliga Ost 2015/2016"]
[Site "Wien"]
[Date "2015.11.29"]
[Round "4"]
[Board "1"]
[White "Weinzettl, Ernst"]
[Black "Pacher, Milan"]
[Result "0-1"]
[WhiteElo "2299"]
[BlackElo "2471"]
[PlyCount "58"]
[EventDate "2015.10.17"]
[EventType "team"]
[EventRounds "11"]
[EventCountry "AUT"]
[WhiteTeam "ASVOE VHS Poechlarn"]
[BlackTeam "SK Austria"]

1. e4 c5 2. Nf3 Nc6 3. Bb5 e6 4. Bxc6 bxc6 5. d3 Ne7 6. Bd2 Qc7 7. Na3 e5 8.
Nc4 f6 9. Ba5 Qb8 10. Rb1 d5 11. Ne3 Be6 12. c4 d4 13. Nc2 Ng6 14. b4 Qc8 15.
b5 Be7 16. Bd2 O-O 17. O-O f5 18. exf5 Bxf5 19. Nfe1 e4 20. dxe4 Bxe4 21. f3
Bf5 22. Rb3 cxb5 23. Rxb5 Qa6 24. Qb1 Qe6 25. Qb3 Bd6 26. Rf2 Rae8 27. g3 Ne5
28. Na3 Bh3 29. Rb7 Ng4 0-1

[Event "2. Bundesliga Ost 2015/2016"]
[Site "Wien"]
[Date "2015.11.29"]
[Round "4"]
[Board "4"]
[White "Druckenthaner, Andreas"]
[Black "Wilke, Werner"]
[Result "1/2-1/2"]
[WhiteElo "2314"]
[BlackElo "2260"]
[PlyCount "60"]
[EventDate "2015.10.17"]
[EventType "team"]
[EventRounds "11"]
[EventCountry "AUT"]
[WhiteTeam "SK Austria"]
[BlackTeam "ASVOE VHS Poechlarn"]

1. d4 d5 2. Nf3 Nf6 3. Bf4 Bf5 4. e3 e6 5. Bd3 Bxd3 6. Qxd3 c6 7. c3 Bd6 8.
Bxd6 Qxd6 9. Ne5 Nbd7 10. Nxd7 Nxd7 11. Nd2 O-O 12. O-O c5 13. e4 cxd4 14. Qxd4
Qb6 15. Qxb6 Nxb6 16. exd5 Nxd5 17. Rfd1 Rfd8 18. g3 Nf6 19. Nb3 b6 20. f3 Kf8
21. Kf2 Ke8 22. Ke2 Rxd1 23. Rxd1 Rd8 24. Rxd8+ Kxd8 25. Nd4 Kd7 26. Kd3 a6 27.
b3 g6 28. c4 Kd6 29. b4 Nd7 30. f4 e5 1/2-1/2

[Event "2. Bundesliga Ost 2015/2016"]
[Site "Wien"]
[Date "2015.11.29"]
[Round "4"]
[Board "5"]
[White "Ernst, Michael"]
[Black "Liedl, Wolfgang"]
[Result "0-1"]
[WhiteElo "2163"]
[BlackElo "2272"]
[PlyCount "98"]
[EventDate "2015.10.17"]
[EventType "team"]
[EventRounds "11"]
[EventCountry "AUT"]
[WhiteTeam "ASVOE VHS Poechlarn"]
[BlackTeam "SK Austria"]

1. d4 d5 2. Bf4 Nf6 3. e3 c5 4. c3 Qb6 5. Qb3 Nc6 6. Nd2 c4 7. Qxb6 axb6 8. a3
b5 9. O-O-O Bf5 10. f3 e6 11. Re1 b4 12. cxb4 Bxb4 13. Ne2 O-O 14. g4 Bg6 15.
Bg2 b5 16. Nc3 Bxc3 17. bxc3 Rxa3 18. Kb2 Rfa8 19. Ra1 b4 20. Rxa3 Rxa3 21. Rc1
Ra4 22. Bd6 b3 23. Ra1 Rxa1 24. Kxa1 Bd3 25. Kb2 Na7 26. h3 Nb5 27. Bb4 Nd7 28.
Ba5 f6 29. e4 dxe4 30. fxe4 e5 31. Nxb3 cxb3 32. Kxb3 exd4 33. cxd4 Nxd4+ 34.
Kc3 Nc6 35. Bc7 Nde5 36. g5 Kf7 37. gxf6 Kxf6 38. Kd2 Bc4 39. Ke3 g5 40. h4
gxh4 41. Kf4 Be6 42. Bf1 h5 43. Bb5 h3 44. Kg3 h4+ 45. Kh2 Kg5 46. Bf1 Nf3+ 47.
Kh1 Nce5 48. Be2 Bc4 49. Bd1 Bf1 0-1

[Event "2. Bundesliga Ost 2015/2016"]
[Site "Wien"]
[Date "2015.11.29"]
[Round "4"]
[Board "6"]
[White "Rogetzer, Klaus"]
[Black "Lammer, Stefan"]
[Result "1-0"]
[WhiteElo "2084"]
[BlackElo "2073"]
[PlyCount "59"]
[EventDate "2015.10.17"]
[EventType "team"]
[EventRounds "11"]
[EventCountry "AUT"]
[WhiteTeam "SK Austria"]
[BlackTeam "ASVOE VHS Poechlarn"]

1. d4 d5 2. c4 c6 3. Nf3 e6 4. g3 Nf6 5. Bg2 Nbd7 6. O-O Bd6 7. Qc2 O-O 8. b3
Qe7 9. Bb2 e5 10. dxe5 Nxe5 11. cxd5 Nxd5 12. Nc3 Nf6 13. Rad1 Bg4 14. Nd4 Ba3
15. Ba1 Rad8 16. Ne4 Nd5 17. h3 Bc8 18. f4 Ne3 19. Qb1 Ng6 20. f5 Nxf1 21. Rxf1
Ne5 22. f6 Qc7 23. fxg7 Kxg7 24. Nf6 Rh8 25. Nf3 Bd6 26. Qe4 Rde8 27. Nxe8+
Rxe8 28. Qf4 f6 29. Nh4 Ng4 30. Qg5+ 1-0

[Event "2. Bundesliga Ost 2015/2016"]
[Site "Wien"]
[Date "2015.11.29"]
[Round "4"]
[Board "1"]
[White "Smolen, Jan"]
[Black "Zilka, Stepan"]
[Result "0-1"]
[WhiteElo "2437"]
[BlackElo "2520"]
[PlyCount "86"]
[EventDate "2015.10.17"]
[EventType "team"]
[EventRounds "11"]
[EventCountry "AUT"]
[WhiteTeam "ASVOE Pamhagen"]
[BlackTeam "Blackburne Nickelsdorf"]

1. Nf3 d5 2. d4 Nf6 3. c4 e6 4. Nc3 dxc4 5. e3 a6 6. a4 c5 7. Bxc4 Nc6 8. O-O
Be7 9. Qe2 cxd4 10. Rd1 O-O 11. exd4 Nb4 12. Bg5 Nfd5 13. Nxd5 Nxd5 14. Bxe7
Nxe7 15. Ne5 Nd5 16. Ra3 Bd7 17. Qg4 Nf6 18. Qg5 h6 19. Qf4 Bxa4 20. Rdd3 Bc2
21. Rh3 Ne4 22. Qc1 Qxd4 23. Qxc2 Qxe5 24. Rhe3 f5 25. f3 b5 26. Bxe6+ Qxe6 27.
fxe4 Rac8 28. Rac3 Rxc3 29. Rxc3 Qxe4 30. Qb3+ Kh7 31. h3 Qe1+ 32. Kh2 Qe5+ 33.
Kh1 Rd8 34. Qc2 a5 35. Rf3 Rd5 36. b3 Rc5 37. Qd2 a4 38. bxa4 bxa4 39. Rd3 Qc7
40. Qe2 Rc1+ 41. Rd1 a3 42. Rxc1 Qxc1+ 43. Kh2 Qb1 0-1

[Event "2. Bundesliga Ost 2015/2016"]
[Site "Wien"]
[Date "2015.11.29"]
[Round "4"]
[Board "2"]
[White "Schwarhofer, Christopher"]
[Black "Lipka, Juraj"]
[Result "0-1"]
[WhiteElo "2378"]
[BlackElo "2411"]
[PlyCount "86"]
[EventDate "2015.10.17"]
[EventType "team"]
[EventRounds "11"]
[EventCountry "AUT"]
[WhiteTeam "Blackburne Nickelsdorf"]
[BlackTeam "ASVOE Pamhagen"]

1. e4 d5 2. exd5 Qxd5 3. Nc3 Qa5 4. d4 Nf6 5. Nf3 c6 6. Bc4 Bf5 7. Ne5 e6 8.
O-O Nbd7 9. Qe2 Be7 10. a3 Rd8 11. Re1 O-O 12. Ba2 Nd5 13. Nc4 Nxc3 14. Nxa5
Nxe2+ 15. Rxe2 Nb6 16. Nxb7 Rxd4 17. Be3 Rd7 18. Na5 Rc8 19. Nc4 c5 20. Kf1 Bf6
21. Rb1 Rb8 22. Nxb6 axb6 23. f3 Rbd8 24. b4 cxb4 25. Rxb4 Rd1+ 26. Kf2 Ra1 27.
Bxb6 Rb8 28. c3 Bd3 29. Bc4 Bxe2 30. Bxe2 Bxc3 31. Rc4 Be1+ 32. Ke3 Rxa3+ 33.
Bd3 g6 34. Bc5 Ra2 35. Bd6 Rd8 36. Bc7 Rc8 37. g4 Bf2+ 38. Ke4 Bg1 39. h4 Ra7
40. Be5 f5+ 41. gxf5 gxf5+ 42. Kf4 Rxc4+ 43. Bxc4 Ra4 0-1